00435nam a2200121Ia 4500008004100000245007500041245002200116260000900138650002600147856004800173999001900221952007300240171211s9999 xx 000 0 und d 4aThe Practice and Procedure of the Inter-American Court of Human Rights cJo M. Pasqualucci c2003 xFamily and Friendship uhttp://down.ebook777.com/065/052153335X.pdf c350265d350265 001040aCLbCLd2017-12-11l0r2017-12-11 00:00:00w2017-12-11yCBE